[Event "ACP-Knockout-2020-Open R2"]
[Site "Emanuel Lasker Arena"]
[Date "2020.07.25"]
[Round "1.3"]
[White "KovalenkoIgorGM"]
[Black "Murzin"]
[Result "1/2-1/2"]
[WhiteElo "1918"]
[BlackElo "2082"]
[Annotator "TA"]
[PlyCount "120"]
[EventDate "2020.07.25"]
[EventType "match (blitz)"]

{[%evp 16,120,35,16,13,-85,10,12,20,21,25,10,16,0,2,0,1,12,6,-56,-21,-9,-3,-45,-43,-62,-70,-52,-58,-27,10,0,73,70,66,77,259,255,250,243,293,158,167,147,139,143,126,94,104,68,61,61,56,56,65,60,83,83,59,83,93,68,165,14,17,14,14,14,14,14,15,15,20,16,26,14,18,11,23,9,11,11,12,11,18,0,0,0,0,0,0,0,0,0,0,0,0,0,0,0,0,0,0,0,0,0,0]} 1. d4 Nf6 2. Nf3 g6 3. c4 Bg7 4. Nc3 O-O 5. g3 d6 6. Bg2 Nbd7 7. O-O e5 8. Qc2 Re8 9. e3 c6 {E67: King's Indian: Fianchetto: 6...Nbd7.} 10. b4 (10. dxe5 $11 {remains equal.} Nxe5 11. Nxe5 dxe5 12. b3) 10... e4 (10... a5 $17 11. b5 exd4 12. exd4 (12. Nxd4 c5 $17) 12... Nb6) 11. Nd2 $1 $11 {[%cal Rc3e4]} d5 {[#]} 12. b5 $146 ({Predecessor:} 12. a4 Nb6 13. b5 Bf5 14. c5 Nc8 15. Ba3 Ne7 16. Rfb1 h5 17. a5 Rc8 18. Qb2 {0-1 (46) Hogrel,N (2054)-Van Dongen,P (2393) Montigny le Bretonneux 2007}) 12... c5 13. Ne2 cxd4 14. Nxd4 Nc5 15. cxd5 Qxd5 16. Ba3 Ne6 17. N2b3 (17. Bb2 $11) 17... Nxd4 18. Nxd4 Qh5 19. h4 g5 20. Qc5 h6 21. Nf5 $1 {[%cal Rf5g7]} Bf8 22. Qd4 Qg6 23. Bb2 {[#] Threatens to win with g4.} Re6 (23... Bxf5 $11 24. hxg5 hxg5 25. Qxf6 Qxf6 26. Bxf6 Bg7 27. Bxg7 Kxg7) 24. hxg5 $16 hxg5 25. g4 $1 $36 {[%mdl 2048] White is on the roll.} Qh7 $2 {[#]} (25... Bd7 $16) 26. f3 $1 $18 Bd7 27. a4 a6 28. Qd2 (28. Kf2 $18 {And now Rh1 would win.} Rc8 29. Rh1) 28... Be8 $16 29. Bxf6 Rxf6 30. fxe4 Re6 31. Qd5 Rb8 32. Rac1 axb5 33. axb5 Qh8 $1 34. Rc7 Qe5 35. b6 Bc6 36. Qxe5 Rxe5 37. Nd4 Be8 38. Rfc1 f6 (38... Ba3 $14) 39. Rc8 $2 ({Better is} 39. Kf2 $18) 39... Rxc8 $11 40. Rxc8 {Rb8 is the strong threat.} Bc5 41. Rb8 Bxb6 42. Rxb7 Bc5 43. Kf2 Kf8 44. Rc7 {Hoping for Rxc5!} Bb6 45. Rc8 Ke7 46. Rb8 Bc7 47. Rb2 (47. Rb7 {is more complex.} Rc5 48. Bf1 Bd7 49. Kf3 Be5 50. Bb5) 47... Rc5 {The position is equal.} 48. Bf1 Be5 49. Rb7+ Rc7 50. Rxc7+ (50. Rb1 {seems wilder.} Bxd4 51. exd4 Bd7 52. Be2 Rc2 53. Rb7) 50... Bxc7 {[%mdl 4096] Endgame KBB-KBN} 51. Bb5 Bg6 52. Kf3 Be5 53. Bc4 Kd6 54. Nf5+ Kc5 55. Be6 Kb4 56. Ng7 Kc3 57. Bf5 Bf7 58. Be6 Bg6 59. Bf5 Bf7 60. Be6 Bg6 {White really could win this. Accuracy: White = 77%, Black = 78%.} 1/2-1/2

[Event "ACP-Knockout-2020-Open R2"]
[Site "Emanuel Lasker Arena"]
[Date "2020.07.25"]
[Round "1.3"]
[White "Nikita Vitiugov"]
[Black "GMIvanSalgado"]
[Result "1-0"]
[WhiteElo "1620"]
[BlackElo "1599"]
[Annotator "NA RC"]
[PlyCount "55"]
[EventDate "2020.07.25"]
[EventType "match (blitz)"]

1. Nf3 {[%emt 0:00:03]} d5 {[%emt 0:00:01]} 2. b3 {[%emt 0:00:01]} Bf5 {[%emt 0:00:03]} 3. Bb2 {[%emt 0:00:02]} e6 {[%emt 0:00:02]} 4. g3 {[%emt 0:00:01]} h6 {[%emt 0:00:07]} 5. Bg2 {[%emt 0:00:02]} Nf6 {[%emt 0:00:01]} 6. O-O {[%emt 0:00:02]} Be7 {[%emt 0:00:01]} 7. d3 {[%emt 0:00:01]} O-O {[%emt 0:00:02]} 8. Nbd2 {[%emt 0:00:01]} c6 {[%emt 0:00:02]} 9. Re1 {[%emt 0:00:04]} a5 {[%emt 0:00:04]} 10. e4 {[%emt 0:00:08]} Bh7 {[%emt 0:00:01]} 11. a3 {[%emt 0:00:04]} Nfd7 {[%emt 0:00:21]} 12. Qe2 {[%emt 0:00:36]} Bf6 {[%emt 0:00:06]} 13. d4 {[%emt 0:00:17]} a4 {[%emt 0:00:51]} 14. b4 {[%emt 0:00:52]} b5 {[%emt 0:00:05]} 15. Ne5 {[%emt 0:00:18]} Nxe5 {[%emt 0:01:47]} 16. dxe5 {[%emt 0:00:03]} Be7 {[%emt 0:00:01]} 17. exd5 {[%emt 0:01:14]} exd5 {[%emt 0:00:00]} 18. Nf3 {[%emt 0:00:03]} Re8 {[%emt 0:00:31]} 19. e6 {[%emt 0:00:30]} f6 {[%emt 0:00:40]} 20. Nd4 {[%emt 0:00:03]} Ra7 {[%emt 0:00:11]} 21. Rad1 {[%emt 0:00:14]} f5 {[%emt 0:00:28]} 22. Nxc6 {[%emt 0:02:49]} Nxc6 {[%emt 0:00:03]} 23. Rxd5 {[%emt 0:00:02]} Qc8 {[%emt 0:00:24]} 24. Qxb5 {[%emt 0:00:29]} f4 {[%emt 0:00:23]} 25. Rd7 {[%emt 0:00:14]} Ra6 {[%emt 0:00:27]} 26. Bxc6 {[%emt 0:00:43]} Qxc6 {[%emt 0:00:26]} 27. Qe5 {[%emt 0:00:09]} Bf6 {[%emt 0:00:08]} 28. Rxg7+ {[%emt 0:00:02] GMIvanSalgado resigns (Lag: Av=0.86s, max=1.1s)} 1-0

[Event "ACP-Knockout-2020-Open R2"]
[Site "Emanuel Lasker Arena"]
[Date "2020.07.25"]
[Round "1.4"]
[White "Alex Donchenko"]
[Black "Rakhmanator"]
[Result "1-0"]
[WhiteElo "2276"]
[BlackElo "2692"]
[Annotator "TA"]
[PlyCount "65"]
[EventDate "2020.07.25"]
[EventType "match (blitz)"]

{[%evp 25,65,42,33,16,40,0,104,99,112,112,152,139,162,150,247,241,536,416,535,535,550,550,1126,906,1306,1282,3083,2466,2145,2045,12829,12834,29988,29989,29989,29990,29986,29986,29983,29984,29983,29975]} 1. Nf3 Nf6 2. c4 d6 3. d4 g6 4. g3 Bg7 5. Bg2 O-O 6. Nc3 Bf5 7. Nh4 Bc8 8. Nf3 Nbd7 9. O-O e5 10. e4 h6 11. h3 Nh7 12. Be3 Ng5 13. Nxg5 hxg5 14. d5 {E68: King's Indian: Fianchetto: 6...Nbd7 7 0-0 e5 8 e4.} f5 15. g4 {[#]} fxg4 $146 (15... f4 $1 $11 {remains equal.} 16. Bd2 b6) ({Predecessor:} 15... Bh6 16. f3 Rf7 17. b4 Bf8 18. Qd2 f4 19. Bf2 Nf6 20. Rfd1 b6 21. Rac1 Bb7 22. Bf1 Kg7 23. Qb2 Nd7 {1-0 (60) Braun,P (2251)-Saathoff,R (2112) Bad Wiessee 2002}) 16. hxg4 $16 {White is better.} Rf4 17. f3 Kf7 18. Ne2 Qh8 19. Rc1 (19. Nxf4 $6 exf4 20. Bf2 Bxb2 $14) 19... Nf6 (19... Kg8 $16 {is a better defense.} 20. c5 (20. Nxf4 exf4 21. Bf2 Bxb2 $16) 20... Nxc5) 20. c5 $18 ({But not} 20. Nxf4 $6 exf4 21. Bf2 Nd7) 20... Bxg4 $2 (20... Qd8 {keeps fighting.} 21. Qc2 Ne8 22. Nxf4 gxf4) 21. cxd6 ({Don't blunder} 21. fxg4 $2 Nxg4 22. Bxf4 exf4 $19) 21... cxd6 22. Nxf4 ({Not} 22. fxg4 Nxg4 23. Bxf4 exf4 $14) 22... exf4 23. fxg4 fxe3 {[#]} 24. e5 $1 {[%mdl 512]} dxe5 25. d6 {Qb3+! would kill now.} Kg8 26. Qb3+ {[%mdl 64] Double Attack} Kh7 27. Qxe3 Nxg4 28. Qxg5 {White wants to mate with Be4!} Nh6 {[#]} 29. Be4 $1 {White mates.} Qe8 30. d7 Qe6 {[#]} 31. Qxg6+ $1 {[%mdl 512]} Qxg6+ 32. Bxg6+ Kxg6 33. Rc8 {Black got outplayed after the opening. Accuracy: White = 89%, Black = 24%.} 1-0

[Event "ACP-Knockout-2020-Open R2"]
[Site "Emanuel Lasker Arena"]
[Date "2020.07.25"]
[Round "1.4"]
[White "Evgeny_Romanov"]
[Black "Ivan saric"]
[Result "1-0"]
[WhiteElo "2176"]
[BlackElo "2704"]
[Annotator "TA"]
[PlyCount "55"]
[EventDate "2020.07.25"]
[EventType "match (blitz)"]

{[%evp 15,55,2,5,7,19,0,0,-36,0,-12,-8,-106,-39,-17,122,118,166,178,175,65,58,70,68,48,136,68,66,66,64,58,107,102,100,110,699,108,29993,29994,29995,29996,29996,29997]} 1. e4 c5 2. Nc3 Nc6 3. f4 e6 4. Nf3 d5 5. Bb5 Nf6 6. d3 Be7 7. O-O O-O 8. Bxc6 bxc6 9. Qe1 {B23: Closed Sicilian: Lines without g3.} c4 10. dxc4 Ba6 11. Ne5 {The position is equal.} Nd7 {[#]} 12. Nxd7 $146 ({Predecessor:} 12. Qg3 Nxe5 13. fxe5 Kh8 14. b3 dxc4 15. Rd1 Qc7 16. Bg5 f6 17. Bf4 f5 18. h4 {0-1 (37) Zhang,P (2557)-Nguyen,A (2530) Mumbai 2003}) 12... Qxd7 13. f5 (13. b3 $11) 13... Bxc4 (13... exf5 $17 14. exd5 Rfe8) 14. f6 $1 $15 {[%cal Rf6e7]} Bc5+ (14... Bxf6 $11 15. Rxf6 gxf6) 15. Be3 $16 d4 {[#]} 16. Qg3 $1 {[%csl Gf6][%cal Rg3g7][%mdl 512]} g6 17. Qg5 $40 {[%mdl 128] White has some attack.} ({White must play} 17. Rfd1 $18 {Threatens to win with Qg5!} Rfd8 18. Na4) 17... Rfd8 $14 ({Inferior is} 17... dxe3 18. Qh6 $1 {[%mdl 512]} e2+ 19. Kh1 exf1=Q+ 20. Rxf1 Bxf1 21. Qg7#) ({Wrong is} 17... dxc3 $2 18. Bxc5 Kh8 19. Qh6 $1 $18 {[%mdl 512]} (19. bxc3 Bxf1 20. Bxf8 Rxf8 $16)) 18. Rfd1 $1 e5 19. Qxe5 dxc3 (19... Qd6 $1 $14 20. Qxd6 Rxd6) 20. Bxc5 (20. Rxd7 $16 Bxe3+ 21. Kh1 Rxd7 22. Qxc3) 20... Qxd1+ 21. Rxd1 Rxd1+ 22. Kf2 Rd2+ 23. Kg3 {White threatens Qf4 and mate.} cxb2 24. Qxb2 Be6 $2 {[%mdl 8192]} (24... Rdd8 $16 25. Qc1 Kh8) 25. Qc3 $2 (25. Qc1 $1 $18 {[%cal Rc1d2]} Rad8 26. Bb4) 25... Rd1 $2 {[%mdl 8192] [#]} (25... Rdd8 $16) 26. Qe3 $1 {White mates.} Kh8 {[#]} 27. Qh6 $1 {[%csl Gf6][%cal Rh6g7][%mdl 512]} Rg8 {[#]} 28. Bf8 $1 {Accuracy: White = 58%, Black = 41%.} 1-0

[Event "ACP-Knockout-2020-Open R2"]
[Site "Emanuel Lasker Arena"]
[Date "2020.07.25"]
[Round "1.4"]
[White "Aleks73"]
[Black "Zerowolf"]
[Result "1-0"]
[WhiteElo "1948"]
[BlackElo "2744"]
[Annotator "NA RC"]
[PlyCount "79"]
[EventDate "2020.07.25"]
[EventType "match (blitz)"]

1. d4 {[%emt 0:00:31]} Nf6 {[%emt 0:00:03]} 2. c4 {[%emt 0:00:02]} e6 {[%emt 0:00:01]} 3. Nc3 {[%emt 0:00:02]} Bb4 {[%emt 0:00:01]} 4. e3 {[%emt 0:00:01]} O-O {[%emt 0:00:25]} 5. Nge2 {[%emt 0:00:05]} d5 {[%emt 0:00:16]} 6. a3 {[%emt 0:00:03]} Bd6 {[%emt 0:00:10]} 7. c5 {[%emt 0:00:04]} Be7 {[%emt 0:00:01]} 8. b4 {[%emt 0:00:17]} b6 {[%emt 0:00:29]} 9. Nf4 {[%emt 0:00:13]} a5 {[%emt 0:00:19]} 10. Bd2 {[%emt 0:00:04]} Nc6 {[%emt 0:02:32]} 11. b5 {[%emt 0:04:24]} e5 {[%emt 0:00:27]} 12. Nfe2 {[%emt 0:00:23]} exd4 {[%emt 0:01:53]} 13. exd4 {[%emt 0:00:05]} Nxd4 {[%emt 0:00:31]} 14. Nxd4 {[%emt 0:00:02]} Bxc5 {[%emt 0:00:05]} 15. Be3 {[%emt 0:01:07]} Ng4 {[%emt 0:00:18]} 16. Be2 {[%emt 0:00:02]} Nxe3 {[%emt 0:00:17]} 17. fxe3 {[%emt 0:00:01]} Qh4+ {[%emt 0:00:12]} 18. g3 {[%emt 0:00:03]} Qg5 {[%emt 0:00:05]} 19. Qd2 {[%emt 0:00:21]} Bh3 {[%emt 0:00:30]} 20. Bf3 {[%emt 0:01:02]} Rfe8 {[%emt 0:00:24]} 21. Kf2 {[%emt 0:00:02]} Rad8 {[%emt 0:00:06]} 22. Nce2 {[%emt 0:02:10]} Qf6 {[%emt 0:00:25]} 23. Rhd1 {[%emt 0:00:35]} Bg4 {[%emt 0:00:38]} 24. Kg2 {[%emt 0:00:14]} Bxf3+ {[%emt 0:00:14]} 25. Nxf3 {[%emt 0:00:01]} Rxe3 {[%emt 0:00:13]} 26. Ned4 {[%emt 0:00:03]} Re4 {[%emt 0:00:20]} 27. Nb3 {[%emt 0:00:11]} Rde8 {[%emt 0:00:04]} 28. Re1 {[%emt 0:00:02]} Re3 {[%emt 0:00:53]} 29. Nbd4 {[%emt 0:00:06]} Bxd4 {[%emt 0:00:23]} 30. Nxd4 {[%emt 0:00:03]} R3e4 {[%emt 0:00:01]} 31. Nf3 {[%emt 0:00:09]} Rd8 {[%emt 0:00:04]} 32. Rad1 {[%emt 0:00:04]} Rxe1 {[%emt 0:00:03]} 33. Rxe1 {[%emt 0:00:01]} h6 {[%emt 0:00:02]} 34. Qd4 {[%emt 0:00:02]} Qf5 {[%emt 0:00:03]} 35. Re2 {[%emt 0:00:01]} Rd6 {[%emt 0:00:12]} 36. Qf4 {[%emt 0:00:06]} Qg6 {[%emt 0:00:11]} 37. Ne5 {[%emt 0:00:04]} Qe6 {[%emt 0:00:04]} 38. Re1 {[%emt 0:00:03]} d4 {[%emt 0:00:02]} 39. Qf3 {[%emt 0:00:03]} Qb3 {[%emt 0:00:09]} 40. Qxb3 {[%emt 0:00:02] Zerowolf resigns (Lag: Av=0.47s, max=0.8s)} 1-0

[Event "ACP-Knockout-2020-Open R2"]
[Site "Emanuel Lasker Arena"]
[Date "2020.07.25"]
[Round "1.5"]
[White "Ivan saric"]
[Black "Evgeny_Romanov"]
[Result "0-1"]
[WhiteElo "2672"]
[BlackElo "2293"]
[Annotator "TA"]
[PlyCount "114"]
[EventDate "2020.07.25"]
[EventType "match (blitz)"]

{[%evp 15,114,7,38,37,46,37,49,51,49,12,49,53,52,44,44,42,45,60,104,82,107,104,105,105,120,118,148,105,149,150,138,130,136,134,158,75,70,68,77,61,76,101,93,59,61,48,156,161,129,147,236,73,117,-24,26,-237,-243,-218,-145,-253,-234,-275,-179,-259,-278,-210,-253,-988,-269,-269,-279,-399,-366,-367,-260,-391,-379,-383,-351,-348,-216,-258,-190,-275,-256,-254,-182,-576,-199,-468,-455,-641,-641,-600,-565,-592,-540,-660,-637,-29991,-29992]} 1. e4 e6 2. d4 d5 3. Nc3 Bb4 4. e5 c5 5. a3 Bxc3+ 6. bxc3 Qa5 7. Bd2 Qa4 8. Qg4 g6 9. Nf3 {C18: French: 3 Nc3 Bb4: Main line: 7 h4 and 7 Qg4.} Nc6 10. Be2 h6 11. O-O {White is slightly better.} Bd7 12. Qh4 c4 13. Rfb1 b6 {[#]} 14. Bd1 $146 ({Predecessor:} 14. Ra2 Rh7 15. h3 Rg7 16. Nh2 g5 17. Qh5 Qa5 18. Nf1 O-O-O 19. a4 Rf8 20. Ne3 {1-0 (45) Pasko,P (2505)-Heinsohn,M (2390) ICCF email 2012}) 14... Nge7 15. Bg5 Nf5 16. Qh3 Qa5 17. g4 Nfe7 18. Bf6 Rf8 19. Nh4 O-O-O 20. a4 Rde8 21. Ng2 h5 22. gxh5 gxh5 23. Bxh5 Nf5 24. Kh1 Nce7 {[#]} 25. Rg1 (25. Nh4 $142 $1) 25... Ng8 $16 26. Bg5 Nge7 27. Nf4 Rh8 $1 28. Qf3 Rh7 29. Bf6 Ng8 30. Bg4 $1 Nxf6 (30... Nd6 $14) 31. Bxf5 $1 exf5 32. exf6 {Threatens to win with Rg7.} Rh6 (32... Reh8 $16 33. h3 Rh4) 33. Rae1 $2 (33. Nxd5 $18 {and the rest is easy. Black must now prevent Ne7+.} Kb7 34. Nb4+ Re4 35. Rg8) 33... Re4 34. Nh5 ({White should play} 34. Qg3 $16 Rxf6 35. f3 Rxe1 36. Qxe1 (36. Rxe1 Rd6 $11) 36... Qxa4 37. Qe5 (37. Nxd5 Re6 $11)) 34... Qxa4 35. Rxe4 $4 {[%mdl 8192] White does not recover from this.} (35. Ra1 $11 {and White stays safe.} Qc6 36. Rxa7) 35... dxe4 $19 ({Much less strong is} 35... fxe4 36. Qd1) 36. Qe2 {[#]} e3 $1 {[%mdl 512] Hoping for ...Bc6+.} 37. Rg8+ (37. Nf4 $17 {keeps fighting.} exf2 38. Rf1) (37. Qxe3 Bc6+) 37... Kb7 38. Nf4 Qa1+ 39. Kg2 (39. Rg1 {was the only chance.} Qxc3 40. Qxe3 Qxc2 41. Ng2) 39... exf2 40. Qxf2 Qxc3 41. Nd5 $2 (41. h4) 41... Qh3+ $2 (41... Bc6 42. Qxf5 Qd2+ 43. Kf1 Qd1+ 44. Kg2 Ka6) 42. Kg1 {intending Qf4.} Bc6 43. Nf4 (43. Ne3 $142) 43... Qc3 {Strongly threatening ...Qa1+.} 44. d5 Bd7 45. Rf8 (45. h4 $142) 45... Rxf6 46. h4 Qe5 47. h5 c3 48. Rg8 Qe4 49. Kh2 (49. Rg3 {was necessary.}) 49... Rh6 50. Rg3 Qe5 51. Re3 $2 (51. Qe3 {is tougher.} f6 52. Kg2) 51... Qd6 $2 (51... Rxh5+ 52. Kg2 Rg5+ 53. Kh1 Qd4) 52. Rxc3 $2 (52. Kg2) 52... Rxh5+ 53. Kg1 (53. Kg2 $142 Rh8 54. Rb3) 53... Rg5+ 54. Rg3 Rg4 55. Rxg4 fxg4 56. Kh2 f5 57. Qf3 gxf3 {Accuracy: White = 38%, Black = 53%.} 0-1